Alliterative Collective Nouns of Animals - Statistics

General Stats
  • This quiz has been taken 489 times
    415 since last reset
  • The average score is 4 of 18
Answer Stats
Animal Collective Nouns % Correct
A{rmy} of Ants
80%
G{aggle} of Geese
72%
S{hiver} of Sharks
61%
M{urder} of Magpies
48%
C{aravan} of Camels
33%
L{eap} of Leopards
25%
P{rickle} of Porcupines
22%
P{od} of Pelicans
20%
L{ounge} of Lizards
16%
K{indle} of Kittens
12%
C{oalition} of Cheetahs
10%
M{ischief} of Mice
10%
C{ast} of Crabs
8%
Z{eal} of Zebras
7%
B{attery} of Barracudas
6%
W{isdom} of Wombats
4%
B{ellowing} of Bullfinches
3%
V{enue} of Vultures
3%
No matching quizzes found
Score Distribution
Percent of People with Each Score
Percentile by Number Answered
Your Score History
You have not taken this quiz since the last reset